| 000 | 00532nam a2200169Ia 4500 | ||
|---|---|---|---|
| 008 | 210716s2005 xx 000 0 und d | ||
| 020 | _a8126904437 | ||
| 041 | _aeng | ||
| 082 | _a332.12 KHAP | ||
| 100 | _aKhanna, Perminder. | ||
| 245 |
_aAdvanced study in money and banking: theory and policy relevance in the Indian economy. _bTheory and policy relevance in the Indian economy. |
||
| 250 | _a1 | ||
| 260 |
_aNew Delhi _bAtlantic Publishers and Distributors _c2005 |
||
| 300 | _axxii,836 | ||
| 440 | _vII | ||
| 650 | _aBanking | ||
| 999 |
_c199298 _d199298 |
||